[Event "EYCC 2017"]
[Site "Mamaia"]
[Date "2017.09.05"]
[Round "1"]
[White "Fiszer, Bartosz"]
[Black "Kayan, Yasar Efe"]
[Result "1/2-1/2"]
[WhiteElo "1901"]
[BlackElo "1421"]
[Annotator "NA RC"]
[PlyCount "119"]
[EventDate "2017.??.??"]
[EventType "swiss"]
[EventCountry "ROU"]
[SourceTitle "playchess.com"]
[Source "ChessBase"]
[SourceQuality "1"]
[TimeControl "40/5400+30:1800+30"]

1. e4 {[%emt 0:00:00]} c5 {[%emt 0:00:05]} 2. Nf3 {[%emt 0:00:00]} e6 {[%emt 0:00:06]} 3. d4 {[%emt 0:00:00]} cxd4 {[%emt 0:00:10]} 4. Nxd4 {[%emt 0:00:00]} Nc6 {[%emt 0:00:04]} 5. Nc3 {[%emt 0:00:52]} Bb4 {[%emt 0:00:09]} 6. Ndb5 {[%emt 0:00:38]} Nf6 {[%emt 0:00:17]} 7. a3 {[%emt 0:00:56]} Bxc3+ {[%emt 0:00:16]} 8. Nxc3 {[%emt 0:00:08]} d5 {[%emt 0:09:08]} 9. exd5 {[%emt 0:00:14]} Nxd5 {[%emt 0:00:44]} 10. Bd2 {[%emt 0:05:36]} O-O {[%emt 0:03:19]} 11. Bd3 {[%emt 0:00:57]} Nce7 {[%emt 0:04:27]} 12. Qh5 {[%emt 0:15:39]} Ng6 {[%emt 0:01:28]} 13. Qf3 {[%emt 0:06:40]} b6 {[%emt 0:02:06]} 14. h4 {[%emt 0:05:41]} Qf6 {[%emt 0:07:39]} 15. Qxf6 {[%emt 0:19:24]} Nxf6 {[%emt 0:00:12]} 16. Ne4 {[%emt 0:01:13]} Nd5 {[%emt 0:01:56]} 17. Nd6 {[%emt 0:01:15]} Rd8 {[%emt 0:02:41]} 18. Nxc8 {[%emt 0:00:40]} Raxc8 {[%emt 0:00:00]} 19. O-O-O {[%emt 0:10:24]} Ndf4 {[%emt 0:05:06]} 20. Bxf4 {[%emt 0:05:18]} Nxf4 {[%emt 0:00:22]} 21. Ba6 {[%emt 0:00:22]} Rb8 {[%emt 0:02:05]} 22. Rxd8+ {[%emt 0:03:20]} Rxd8 {[%emt 0:00:12]} 23. g3 {[%emt 0:00:06]} Ng6 {[%emt 0:01:46]} 24. Rd1 {[%emt 0:02:30]} Rxd1+ {[%emt 0:00:15]} 25. Kxd1 {[%emt 0:00:04]} f5 {[%emt 0:00:10]} 26. Ke2 {[%emt 0:00:56]} Kf7 {[%emt 0:00:11]} 27. Ke3 {[%emt 0:01:51]} Kf6 {[%emt 0:00:34]} 28. Kd4 {[%emt 0:00:46]} Ne7 {[%emt 0:03:13]} 29. Bb7 {[%emt 0:00:42]} e5+ {[%emt 0:00:28]} 30. Kc4 {[%emt 0:00:21]} f4 {[%emt 0:00:38]} 31. g4 {[%emt 0:03:14]} Ke6 {[%emt 0:04:36]} 32. Be4 {[%emt 0:00:35]} g6 {[%emt 0:01:01]} 33. Kb5 {[%emt 0:00:51]} Nc8 {[%emt 0:01:37]} 34. Kc6 {[%emt 0:02:15]} Nd6 {[%emt 0:01:23]} 35. Bd5+ {[%emt 0:00:07]} Ke7 {[%emt 0:00:59]} 36. f3 {[%emt 0:00:26]} e4 {[%emt 0:02:32]} 37. fxe4 {[%emt 0:00:08]} f3 {[%emt 0:00:04]} 38. e5 {[%emt 0:00:28]} Nf7 {[%emt 0:00:05]} 39. Kb7 {[%emt 0:01:29]} f2 {[%emt 0:00:09]} 40. Bg2 {[%emt 0:00:00]} Nxe5 {[%emt 0:00:20]} 41. Kxa7 {[%emt 0:01:44]} Nxg4 {[%emt 0:00:57]} 42. Kxb6 {[%emt 0:00:27]} Ne3 {[%emt 0:00:34]} 43. Bh3 {[%emt 0:00:09]} h6 {[%emt 0:00:43]} 44. Kc5 {[%emt 0:00:54]} g5 {[%emt 0:03:21]} 45. hxg5 {[%emt 0:01:03]} hxg5 {[%emt 0:00:13]} 46. Kd4 {[%emt 0:00:51]} Nxc2+ {[%emt 0:00:39]} 47. Kd3 {[%emt 0:00:35]} g4 {[%emt 0:00:32]} 48. Bf1 {[%emt 0:00:19]} Ne1+ {[%emt 0:00:15]} 49. Ke3 {[%emt 0:00:31]} g3 {[%emt 0:00:10]} 50. a4 {[%emt 0:00:58]} g2 {[%emt 0:02:17]} 51. Bxg2 {[%emt 0:00:17]} Nxg2+ {[%emt 0:00:06]} 52. Kxf2 {[%emt 0:00:06]} Nf4 {[%emt 0:00:06]} 53. Ke3 {[%emt 0:00:07]} Nd5+ {[%emt 0:00:08]} 54. Kd4 {[%emt 0:00:08]} Kd6 {[%emt 0:00:09]} 55. a5 {[%emt 0:00:07]} Nc7 {[%emt 0:00:11]} 56. Kc4 {[%emt 0:00:14]} Kc6 {[%emt 0:00:14]} 57. Kb4 {[%emt 0:00:06]} Na6+ {[%emt 0:00:08]} 58. Kc4 {[%emt 0:00:09]} Nc7 {[%emt 0:00:26]} 59. b4 {[%emt 0:00:06]} Nb5 {[%emt 0:00:21]} 60. Kb3 {[%emt 0:00:16]} 1/2-1/2

[Event "EYCC 2017"]
[Site "Mamaia"]
[Date "2017.09.05"]
[Round "1"]
[White "Reuter, Elisa"]
[Black "Jovanovic, Anja"]
[Result "1-0"]
[WhiteElo "1882"]
[BlackElo "1491"]
[Annotator "NA RC"]
[PlyCount "121"]
[EventDate "2017.??.??"]
[EventType "swiss"]
[EventCountry "ROU"]
[SourceTitle "playchess.com"]
[Source "ChessBase"]
[SourceQuality "1"]
[TimeControl "40/5400+30:1800+30"]

1. e4 {[%emt 0:00:00]} e5 {[%emt 0:00:08]} 2. Nf3 {[%emt 0:00:00]} Nc6 {[%emt 0:00:06]} 3. Bc4 {[%emt 0:00:00]} Bc5 {[%emt 0:00:08]} 4. c3 {[%emt 0:00:00]} Nf6 {[%emt 0:00:07]} 5. d3 {[%emt 0:00:00]} d6 {[%emt 0:00:07]} 6. O-O {[%emt 0:00:00]} O-O {[%emt 0:00:06]} 7. Bb3 {[%emt 0:00:18]} Bg4 {[%emt 0:00:12]} 8. h3 {[%emt 0:00:06]} Bh5 {[%emt 0:00:07]} 9. Re1 {[%emt 0:00:35]} Re8 {[%emt 0:00:46]} 10. Nbd2 {[%emt 0:00:09]} d5 {[%emt 0:01:55]} 11. exd5 {[%emt 0:02:16]} Nxd5 {[%emt 0:00:20]} 12. Ne4 {[%emt 0:00:11]} Bb6 {[%emt 0:00:52]} 13. Ng3 {[%emt 0:01:23]} Bg6 {[%emt 0:00:51]} 14. Bg5 {[%emt 0:03:49]} Qd6 {[%emt 0:02:32]} 15. Ne4 {[%emt 0:01:57]} Bxe4 {[%emt 0:02:15]} 16. dxe4 {[%emt 0:00:25]} Nde7 {[%emt 0:00:40]} 17. Qxd6 {[%emt 0:00:22]} cxd6 {[%emt 0:00:09]} 18. Rad1 {[%emt 0:01:14]} Rad8 {[%emt 0:00:49]} 19. Rd2 {[%emt 0:04:18]} h6 {[%emt 0:04:36]} 20. Be3 {[%emt 0:05:58]} Bxe3 {[%emt 0:01:41]} 21. Rxe3 {[%emt 0:00:13]} a6 {[%emt 0:01:31]} 22. Red3 {[%emt 0:02:03]} Nc8 {[%emt 0:00:30]} 23. Nh4 {[%emt 0:01:46]} Rd7 {[%emt 0:01:54]} 24. Nf5 {[%emt 0:02:54]} Red8 {[%emt 0:00:53]} 25. Rg3 {[%emt 0:00:27]} Kh8 {[%emt 0:09:54]} 26. Rxg7 {[%emt 0:00:51]} f6 {[%emt 0:01:18]} 27. Rxd7 {[%emt 0:00:26]} Rxd7 {[%emt 0:00:10]} 28. Be6 {[%emt 0:00:04]} Rc7 {[%emt 0:00:17]} 29. Bxc8 {[%emt 0:00:13]} Rxc8 {[%emt 0:00:06]} 30. Rxd6 {[%emt 0:00:14]} Rd8 {[%emt 0:00:26]} 31. Rxd8+ {[%emt 0:00:07]} Nxd8 {[%emt 0:00:06]} 32. Nxh6 {[%emt 0:00:20]} Kg7 {[%emt 0:00:19]} 33. Nf5+ {[%emt 0:00:06]} Kg6 {[%emt 0:00:18]} 34. f3 {[%emt 0:00:18]} Ne6 {[%emt 0:00:12]} 35. Ne7+ {[%emt 0:02:22]} Kf7 {[%emt 0:00:09]} 36. Nd5 {[%emt 0:00:13]} Nc5 {[%emt 0:00:24]} 37. b4 {[%emt 0:01:10]} Na4 {[%emt 0:00:23]} 38. Kf2 {[%emt 0:00:17]} Ke6 {[%emt 0:00:19]} 39. g4 {[%emt 0:00:35]} Kf7 {[%emt 0:00:10]} 40. Kg3 {[%emt 0:00:00]} Nb2 {[%emt 0:00:20]} 41. h4 {[%emt 0:00:58]} Nd3 {[%emt 0:00:12]} 42. h5 {[%emt 0:00:23]} Kg7 {[%emt 0:00:12]} 43. a4 {[%emt 0:00:33]} Nb2 {[%emt 0:00:12]} 44. a5 {[%emt 0:00:14]} Nc4 {[%emt 0:00:12]} 45. f4 {[%emt 0:00:52]} exf4+ {[%emt 0:00:09]} 46. Kxf4 {[%emt 0:00:05]} Ne5 {[%emt 0:00:22]} 47. Kf5 {[%emt 0:00:34]} Nf7 {[%emt 0:00:14]} 48. Nxf6 {[%emt 0:01:14]} Nh6+ {[%emt 0:00:15]} 49. Ke6 {[%emt 0:00:14]} Nf7 {[%emt 0:00:20]} 50. Ne8+ {[%emt 0:00:42]} Kf8 {[%emt 0:00:11]} 51. Nd6 {[%emt 0:00:24]} Ng5+ {[%emt 0:00:28]} 52. Kf5 {[%emt 0:00:22]} Nf3 {[%emt 0:00:18]} 53. g5 {[%emt 0:00:20]} Nh4+ {[%emt 0:00:14]} 54. Kg4 {[%emt 0:00:19]} Ng2 {[%emt 0:00:09]} 55. Nxb7 {[%emt 0:00:31]} Ne3+ {[%emt 0:00:11]} 56. Kf3 {[%emt 0:00:08]} Nc4 {[%emt 0:00:08]} 57. Nc5 {[%emt 0:00:33]} Ne5+ {[%emt 0:00:20]} 58. Kf4 {[%emt 0:00:11]} Nf7 {[%emt 0:00:12]} 59. b5 {[%emt 0:00:21]} axb5 {[%emt 0:00:10]} 60. a6 {[%emt 0:00:03]} Kg7 {[%emt 0:00:14]} 61. a7 {[%emt 0:00:06]} 1-0

[Event "EYCC 2017"]
[Site "Mamaia"]
[Date "2017.09.05"]
[Round "1"]
[White "Koutsidi, Amalia"]
[Black "Maltsevskaya, Aleksandra"]
[Result "0-1"]
[WhiteElo "1870"]
[BlackElo "2271"]
[Annotator "TA"]
[PlyCount "84"]
[EventDate "2017.??.??"]
[EventType "swiss"]
[EventCountry "ROU"]
[SourceTitle "playchess.com"]
[Source "ChessBase"]
[SourceQuality "1"]

{[%evp 25,84,31,26,32,60,16,16,16,24,7,22,15,39,0,0,-8,-3,-111,-110,-99,-98,-110,-102,-95,-108,-144,-93,-87,-67,-59,-59,-94,-98,-135,-117,-161,-154,-162,-152,-161,-154,-160,-176,-273,-257,-265,-235,-211,-91,-111,-111,-97,-106,-300,-305,-297,-290,-347,-337,-464,-427]} 1. e4 c5 2. Nf3 e6 3. d4 cxd4 4. Nxd4 Nc6 5. Nb5 d6 6. c4 Nf6 7. N1c3 a6 8. Na3 Be7 9. Be2 O-O 10. O-O b6 11. Be3 Ne5 12. f4 Ned7 13. Bf3 Bb7 {LiveBook: 113 Games} 14. Qd2 {Strongly threatening e5. B44: Sicilian: Taimanov: 5 Nb5} (14. Qe2 Rc8 15. Rac1 Rc7 16. Bf2 Qa8 17. Rfe1 Rfc8 18. Qd2 Nc5 19. Qe2 Ncd7 20. Qd2 Bf8 21. g3 d5 22. cxd5 exd5 23. exd5 {0-1 (43) Maze,S (2617)-Bachmann,A (2641) Baku 2016}) 14... Qc7 15. Rfe1 $146 ({Predecessor:} 15. Rae1 Rac8 16. Kh1 Rfd8 17. Qf2 {0-1 (66) Matthews,S (2203)-Zivanic,M (2476) Kingston 2010}) 15... Rac8 16. Rac1 {The position is equal.} Qb8 17. Qe2 Rfe8 18. Bf2 Qa8 19. Red1 Nc5 {[%cal Rf6e4]} 20. Bxc5 bxc5 21. e5 (21. Rc2 $11 {keeps the balance.}) 21... Bxf3 $17 22. Qxf3 Qxf3 23. gxf3 dxe5 24. fxe5 Nh5 25. Ne4 Red8 (25... Nf4 $142 {...Ne2+ is the strong threat.} 26. Rc2 Ng6) 26. Kf2 f5 27. exf6 $1 gxf6 {[%cal Bg7f6,Bf6f5][%mdl 32]} 28. Nc2 f5 $36 {[%mdl 2048] Black is on the roll.} 29. Ng3 Bh4 {And now ...f4 would win.} 30. Kg2 Nf4+ 31. Kf1 Nd3 $1 {[%cal Rd3c1]} 32. Rb1 Ne5 $1 33. Rxd8+ Rxd8 (33... Bxd8 34. Re1 $15) 34. Re1 (34. Ke2 {was worth a try.}) 34... Nxf3 $19 35. Rxe6 Kf7 ({Don't play} 35... Nxh2+ 36. Kg2 $19) 36. Re2 {[#]} Nd2+ (36... f4 $1 $19 {has better winning chances. aiming for ...Nd2+.} 37. Kg2 Nxh2 38. Kxh2 Bxg3+ 39. Kg2 Rd1) 37. Kg2 f4 ({Reject} 37... Nxc4 $6 38. Nxf5 Bf6 39. b3 $11) 38. Rf2 f3+ 39. Kh3 $2 {[#]} (39. Kg1 $17) 39... Bxg3 $1 40. hxg3 Kg6 41. Ne1 Ne4 ({Worse is} 41... Nxc4 42. Nxf3 Rd5 43. Nh4+ Kg5 44. b3 $14) 42. Rf1 Rd1 {Precision: White = 28%, Black = 66%.} 0-1

[Event "EYCC 2017"]
[Site "Mamaia"]
[Date "2017.09.05"]
[Round "1"]
[White "Toth, Nikoletta"]
[Black "Dakic, Marta"]
[Result "1/2-1/2"]
[WhiteElo "1864"]
[BlackElo "1602"]
[Annotator "NA RC"]
[PlyCount "112"]
[EventDate "2017.??.??"]
[EventType "swiss"]
[EventCountry "ROU"]
[SourceTitle "playchess.com"]
[Source "ChessBase"]
[SourceQuality "1"]
[TimeControl "40/5400+30:1800+30"]

1. e4 {[%emt 0:00:00]} e5 {[%emt 0:00:06]} 2. Nf3 {[%emt 0:00:00]} d6 {[%emt 0:00:07]} 3. d4 {[%emt 0:03:23]} exd4 {[%emt 0:00:12]} 4. Nxd4 {[%emt 0:00:14]} Nf6 {[%emt 0:00:12]} 5. Nc3 {[%emt 0:00:12]} Nc6 {[%emt 0:00:59]} 6. Nxc6 {[%emt 0:02:20]} bxc6 {[%emt 0:00:07]} 7. Bd3 {[%emt 0:01:14]} Be7 {[%emt 0:01:34]} 8. O-O {[%emt 0:00:04]} O-O {[%emt 0:00:10]} 9. f4 {[%emt 0:00:46]} d5 {[%emt 0:02:26]} 10. e5 {[%emt 0:01:40]} Bc5+ {[%emt 0:00:38]} 11. Kh1 {[%emt 0:00:02]} Ng4 {[%emt 0:00:45]} 12. Qe1 {[%emt 0:01:22]} f6 {[%emt 0:06:25]} 13. h3 {[%emt 0:06:32]} Nf2+ {[%emt 0:08:05]} 14. Kh2 {[%emt 0:00:43]} Nxd3 {[%emt 0:00:40]} 15. cxd3 {[%emt 0:00:38]} fxe5 {[%emt 0:01:18]} 16. fxe5 {[%emt 0:00:18]} Rxf1 {[%emt 0:01:11]} 17. Qxf1 {[%emt 0:00:12]} Qe7 {[%emt 0:00:17]} 18. Qe2 {[%emt 0:03:06]} Bd4 {[%emt 0:00:51]} 19. Bf4 {[%emt 0:00:55]} Bd7 {[%emt 0:02:07]} 20. Re1 {[%emt 0:00:44]} Rf8 {[%emt 0:01:50]} 21. Qd2 {[%emt 0:00:34]} Qf7 {[%emt 0:04:13]} 22. Ne2 {[%emt 0:01:44]} Bf2 {[%emt 0:06:38]} 23. Rf1 {[%emt 0:01:51]} Bh4 {[%emt 0:02:42]} 24. Rf3 {[%emt 0:03:21]} Be7 {[%emt 0:01:57]} 25. Qe3 {[%emt 0:07:15]} c5 {[%emt 0:01:31]} 26. Bg3 {[%emt 0:20:46]} Qe6 {[%emt 0:04:07]} 27. Nf4 {[%emt 0:03:26]} Qc6 {[%emt 0:05:40]} 28. e6 {[%emt 0:02:54]} d4 {[%emt 0:01:28]} 29. Qe5 {[%emt 0:05:22]} Bd6 {[%emt 0:00:51]} 30. Qg5 {[%emt 0:02:28]} Bxf4 {[%emt 0:00:40]} 31. Bxf4 {[%emt 0:00:28]} Qxe6 {[%emt 0:07:49]} 32. Be5 {[%emt 0:00:53]} Rf7 {[%emt 0:03:36]} 33. Rxf7 {[%emt 0:00:32]} Qxf7 {[%emt 0:00:07]} 34. Qd8+ {[%emt 0:00:31]} Be8 {[%emt 0:03:20]} 35. Bxc7 {[%emt 0:01:03]} Qd7 {[%emt 0:04:33]} 36. Qxd7 {[%emt 0:01:14]} Bxd7 {[%emt 0:00:07]} 37. Bd6 {[%emt 0:02:04]} Be6 {[%emt 0:02:12]} 38. Bxc5 {[%emt 0:02:07]} Bxa2 {[%emt 0:00:10]} 39. Bxd4 {[%emt 0:00:54]} Bb1 {[%emt 0:00:14]} 40. Bxa7 {[%emt 0:00:00]} Bxd3 {[%emt 0:00:07]} 41. b4 {[%emt 0:00:18]} Kf7 {[%emt 0:00:30]} 42. Kg3 {[%emt 0:00:47]} g6 {[%emt 0:02:00]} 43. Kf3 {[%emt 0:00:09]} Ke6 {[%emt 0:00:13]} 44. g4 {[%emt 0:00:50]} Ke5 {[%emt 0:01:15]} 45. Bc5 {[%emt 0:03:10]} Be4+ {[%emt 0:01:35]} 46. Kg3 {[%emt 0:02:03]} Bd3 {[%emt 0:01:23]} 47. Kf3 {[%emt 0:00:35]} Be4+ {[%emt 0:00:06]} 48. Ke3 {[%emt 0:00:42]} Bg2 {[%emt 0:00:54]} 49. h4 {[%emt 0:01:42]} h5 {[%emt 0:00:23]} 50. gxh5 {[%emt 0:01:06]} gxh5 {[%emt 0:00:09]} 51. b5 {[%emt 0:00:19]} Kd5 {[%emt 0:00:13]} 52. Bd4 {[%emt 0:00:24]} Bf1 {[%emt 0:01:20]} 53. b6 {[%emt 0:00:22]} Kc6 {[%emt 0:00:09]} 54. Ke4 {[%emt 0:01:18]} Kb7 {[%emt 0:00:30]} 55. Ke5 {[%emt 0:00:18]} Be2 {[%emt 0:00:06]} 56. Kd6 {[%emt 0:00:26]} Bf3 {[%emt 0:00:07]} 1/2-1/2

[Event "EYCC 2017"]
[Site "Mamaia"]
[Date "2017.09.05"]
[Round "1"]
[White "Karykowska, Anna"]
[Black "Sieber, Fiona"]
[Result "0-1"]
[WhiteElo "1860"]
[BlackElo "2277"]
[Annotator "TA"]
[PlyCount "122"]
[EventDate "2017.??.??"]
[EventType "swiss"]
[EventCountry "ROU"]
[SourceTitle "playchess.com"]
[Source "ChessBase"]
[SourceQuality "1"]

{[%evp 12,122,10,-33,22,28,27,27,19,25,65,52,73,64,47,54,72,50,85,71,132,100,116,66,77,77,88,81,89,61,54,71,87,87,87,87,88,86,95,95,127,44,54,27,64,20,25,0,0,0,0,0,0,0,7,0,-1,-24,112,-51,0,0,0,0,0,0,0,0,0,0,969,-226,-226,-226,-135,-162,-58,-547,-525,-719,-707,-598,-665,-844,-794,-4132,-2447,-5077,-3545,-5014,-1536,-5110,-5073,-3540,-2819,-2641,-2285,-1747,-1715,-6428,-6354,-29967,-29970,-29980,-29981,-29981,-29982,-29982,-29983,-29989,-29990,-29990,-29983]} 1. e4 c5 2. Nf3 d6 3. Nc3 Nc6 4. d4 cxd4 5. Nxd4 Nf6 6. h3 e5 7. Nde2 {LiveBook: 27 Games} h6 {B56: Classical Sicilian: Unusual Lines} (7... Be6 $15) (7... Be6 8. f4 Rc8 9. f5 Bc4 10. Ng3 d5 11. exd5 Bxd5 12. Nxd5 Nxd5 13. c3 Bc5 14. Bc4 Nf4 15. Qxd8+ Rxd8 {1-0 (39) Movsesian,S (2716)-Navara,D (2687) Pardubice 2009}) 8. g4 Be6 9. Bg2 Ne7 {White has an edge.} 10. f4 exf4 11. Nxf4 Qb6 $146 ({Predecessor:} 11... Nc6 12. Nxe6 fxe6 13. Be3 Nd7 14. O-O Nde5 15. b3 {0-1 (64) Guven,B (2015)-Iovcov,V (2191) Istanbul 2012}) 12. Qd3 Rc8 13. Nb5 Ng6 14. Nxg6 fxg6 15. Be3 Qa6 ({Black should try} 15... Qa5+ 16. c3 Bc4 17. Nxd6+ Bxd6 18. Qxd6 Kf7) 16. Rd1 Nd7 17. Nxd6+ Bxd6 18. Qxd6 Rxc2 {[%csl Gc2][%cal Ra6e2]} 19. Qxa6 bxa6 20. Rd2 Rc1+ 21. Kf2 Rf8+ 22. Kg3 Rxh1 23. Bxh1 {Strongly threatening Rd6.} Bxa2 24. Bxa7 Rf7 25. Bd4 Re7 26. Re2 (26. e5 $16) 26... Ne5 $14 27. b4 Bb1 28. Re1 Bd3 29. Rd1 Bb5 30. Bc5 Re6 31. Rd6 Kf7 32. Bg2 Re8 33. Rd2 Nd3 34. Rd1 a5 (34... g5 $11 {remains equal.}) 35. Rb1 $2 (35. Bf1 $1 $16 {[%cal Rf1d3]} Nxc5 36. Bxb5 Nxe4+ 37. Kf4 g5+ 38. Kf3) 35... Nxc5 (35... a4 $15) 36. bxc5 $15 {[%mdl 4096] Endgame KRB-KRB} Bc6 37. Kf4 g5+ 38. Ke3 Ke6 39. Rb6 Kd7 40. Ra6 Ra8 $2 {[%mdl 8192] [#]} (40... a4 $11) 41. Rxa8 $4 {[%mdl 8192]} (41. Rxc6 $1 $18 {[%mdl 512]} Kxc6 42. e5+ Kxc5 43. Bxa8) 41... Bxa8 $18 {KB-KB} 42. Kd4 Bb7 (42... a4 $19 43. Kc3 Ke6) 43. Bf3 a4 (43... Bc6 $19) 44. Be2 $2 {[%mdl 8192] [#]} ({White should play} 44. Kc3 $15) 44... a3 $1 $19 {[%cal Ra3a2]} 45. Bb5+ Ke7 {And now ...a2 would win.} 46. Bc4 {[#]} Ba6 $1 {[%mdl 512] aiming for ...Bxc4.} 47. Bd5 (47. Bxa6 a2) 47... Bf1 48. Ke5 Bxh3 49. Kf5 h5 50. Kxg5 Bxg4 (50... hxg4 $142 51. Kh4 Bg2 52. Kxg4 {[#]} Bxe4 $1 {[%mdl 512]}) 51. c6 Bf3 52. Kf4 Be2 53. Kg5 Bd3 54. e5 Be2 55. e6 Kd6 56. Kg6 h4 {[%cal Bh5h4,Bh4h3,Bh3h2][%mdl 32] Black mates.} 57. Kf7 h3 58. e7 Bh5+ 59. Kf8 h2 60. e8=Q Bxe8 61. Kxe8 Kc7 {Precision: White = 32%, Black = 50%.} 0-1

[Event "EYCC 2017"]
[Site "Mamaia"]
[Date "2017.09.05"]
[Round "1"]
[White "Heydarova, Aytaj"]
[Black "Goltseva, Ekaterina"]
[Result "0-1"]
[WhiteElo "1850"]
[BlackElo "2214"]
[Annotator "TA"]
[PlyCount "112"]
[EventDate "2017.??.??"]
[EventType "swiss"]
[EventCountry "ROU"]
[SourceTitle "playchess.com"]
[Source "ChessBase"]
[SourceQuality "1"]

{[%evp 15,112,-1,8,-16,0,0,0,-12,0,-45,-25,-58,-27,-35,0,0,-8,-10,-11,-19,0,0,0,-12,0,0,0,0,-7,-7,-7,-4,-8,-45,-34,-38,-29,-45,-43,-65,-44,-94,-27,-42,-42,-46,-43,-43,-44,-83,-62,-59,-13,-18,-11,-33,-12,-61,-58,-58,-58,-85,-66,-93,-90,-112,-111,-196,-176,-189,-186,-170,-172,-124,-47,-215,-164,-427,-385,-12839,-12839,-12839,-12839,-12840,-12841,-12843,-12837,-12844,-12845,-12848,-12848,-12850,-29983,-12851,-29984,-29985,-29986,-29986,-29987]} 1. Nf3 d5 2. g3 Nf6 3. Bg2 g6 4. O-O Bg7 5. d3 O-O 6. c3 c5 7. Nbd2 Nc6 8. e4 e6 {LiveBook: 90 Games} 9. Qc2 {A08: King's Indian Attack} (9. Re1 a5 10. a4 b6 11. exd5 exd5 12. Nf1 h6 13. Bf4 Nh5 14. Ne5 Bb7 15. Nxc6 Bxc6 16. Be5 Bxe5 17. Rxe5 Qd6 {½-½ (46) Fressinet,L (2717)-Vitiugov,N (2742) Dubai 2014}) 9... a5 10. a4 b6 11. Rd1 $146 {The position is equal.} ({Predecessor:} 11. Re1 Ba6 12. Bf1 Rc8 13. b3 h6 14. Bb2 d4 15. c4 e5 16. Rad1 Nh5 {0-1 (55) Baches Garcia,G (2397)-Kashtanov,R (2389) Dos Hermanas 2003}) 11... Ba6 12. Nf1 Rc8 13. Bf4 Re8 14. Ne5 Bb7 15. Nxc6 Bxc6 16. Qb3 h6 17. Be5 Ng4 18. Bxg7 Kxg7 19. h3 Nf6 20. Ne3 Rb8 21. e5 Nd7 22. d4 b5 23. axb5 Rxb5 24. Qc2 cxd4 25. cxd4 Qb6 26. Qc3 Rb4 27. b3 Rc8 28. Ra3 {[#]} Bb7 (28... Nxe5 $1 $17 {[%mdl 512]} 29. Nxd5 (29. dxe5 $2 d4 $17) 29... exd5 30. dxe5 d4) 29. Qd2 h5 {[%cal Bh6h5,Bh5h4][%mdl 32]} 30. Bf1 Nb8 31. g4 h4 ({But not} 31... Rxb3 32. Rxb3 Qxb3 33. gxh5 $14) 32. Ra4 Rxb3 33. Qxa5 Qc6 34. Raa1 Qc3 35. Qxc3 Rcxc3 36. Rab1 g5 37. Rxb3 Rxb3 38. Nc2 Nc6 39. Kg2 f6 40. exf6+ Kxf6 41. Rd3 {[#]} (41. Ne1 $17 {might work better.}) 41... Rxd3 $1 $19 42. Bxd3 {[%mdl 4096] Endgame KBN-KBN} e5 43. dxe5+ Kxe5 ({Resist} 43... Nxe5 44. Ne1 $17) 44. Kf1 Nd4 (44... Nd8 $17 45. Bf5 Ba6+ 46. Ke1 Nc6) 45. Ne3 $2 (45. f4+ $1 $15 gxf4 46. Ne1) 45... Ne6 {aiming for ...Nf4.} 46. Ng2 $2 (46. Ke1) 46... Nf4 47. Nxf4 $2 (47. Be2) 47... Kxf4 {KB-KB} 48. Ke1 d4 49. Bf1 Be4 50. Ke2 d3+ 51. Kd2 Kf3 52. Bxd3 Bxd3 53. Kxd3 Kxf2 54. Ke4 Kg3 55. Kf5 Kxh3 56. Kxg5 Kg3 {Precision: White = 28%, Black = 61%.} 0-1

[Event "EYCC 2017"]
[Site "Mamaia"]
[Date "2017.09.05"]
[Round "1"]
[White "Kobald, Jacqueline"]
[Black "Shafigullina, Zarina"]
[Result "0-1"]
[WhiteElo "1833"]
[BlackElo "2086"]
[Annotator "NA RC"]
[PlyCount "120"]
[EventDate "2017.??.??"]
[EventType "swiss"]
[EventCountry "ROU"]
[SourceTitle "playchess.com"]
[Source "ChessBase"]
[SourceQuality "1"]
[TimeControl "40/5400+30:1800+30"]

1. e4 {[%emt 0:00:00]} c5 {[%emt 0:00:04]} 2. Nf3 {[%emt 0:00:00]} Nc6 {[%emt 0:00:04]} 3. d4 {[%emt 0:00:00]} cxd4 {[%emt 0:00:17]} 4. Nxd4 {[%emt 0:00:00]} Nf6 {[%emt 0:00:04]} 5. Nc3 {[%emt 0:00:04]} e5 {[%emt 0:00:07]} 6. Ndb5 {[%emt 0:01:57]} d6 {[%emt 0:00:06]} 7. Bg5 {[%emt 0:07:13]} a6 {[%emt 0:00:05]} 8. Na3 {[%emt 0:02:24]} b5 {[%emt 0:00:07]} 9. Nd5 {[%emt 0:02:49]} Be7 {[%emt 0:00:07]} 10. Bxf6 {[%emt 0:01:43]} Bxf6 {[%emt 0:00:07]} 11. c3 {[%emt 0:03:55]} O-O {[%emt 0:00:11]} 12. Nc2 {[%emt 0:03:31]} Rb8 {[%emt 0:03:50]} 13. Be2 {[%emt 0:04:16]} Bg5 {[%emt 0:00:21]} 14. O-O {[%emt 0:04:46]} Kh8 {[%emt 0:00:17]} 15. Bg4 {[%emt 0:11:00]} g6 {[%emt 0:09:03]} 16. Nce3 {[%emt 0:09:46]} f5 {[%emt 0:03:06]} 17. Bf3 {[%emt 0:21:26]} f4 {[%emt 0:00:46]} 18. Nc2 {[%emt 0:02:51]} a5 {[%emt 0:04:20]} 19. Qd2 {[%emt 0:04:25]} Ne7 {[%emt 0:03:07]} 20. Rad1 {[%emt 0:01:46]} Bb7 {[%emt 0:01:00]} 21. Qe2 {[%emt 0:01:10]} Bc8 {[%emt 0:09:38]} 22. b3 {[%emt 0:07:07]} Be6 {[%emt 0:02:20]} 23. Nxe7 {[%emt 0:02:50]} Bxe7 {[%emt 0:00:30]} 24. Na3 {[%emt 0:02:01]} Qb6 {[%emt 0:00:56]} 25. c4 {[%emt 0:00:26]} b4 {[%emt 0:01:31]} 26. Nb5 {[%emt 0:01:04]} Bd7 {[%emt 0:01:46]} 27. Bg4 {[%emt 0:00:43]} Be8 {[%emt 0:05:59]} 28. Be6 {[%emt 0:00:42]} Rf6 {[%emt 0:02:02]} 29. Bg4 {[%emt 0:00:59]} h5 {[%emt 0:02:44]} 30. Bf3 {[%emt 0:00:02]} Kg7 {[%emt 0:02:45]} 31. h3 {[%emt 0:01:08]} Rc8 {[%emt 0:06:12]} 32. Rc1 {[%emt 0:00:51]} Rc5 {[%emt 0:01:28]} 33. Qd1 {[%emt 0:01:51]} Bd7 {[%emt 0:02:51]} 34. Qd3 {[%emt 0:00:39]} Kh6 {[%emt 0:01:30]} 35. Rfd1 {[%emt 0:00:33]} Qb8 {[%emt 0:02:39]} 36. Qe2 {[%emt 0:00:42]} Qc8 {[%emt 0:00:10]} 37. Qd2 {[%emt 0:00:30]} g5 {[%emt 0:01:03]} 38. Be2 {[%emt 0:01:10]} Rg6 {[%emt 0:28:09]} 39. f3 {[%emt 0:00:22]} Kg7 {[%emt 0:00:09]} 40. Bf1 {[%emt 0:00:00]} g4 {[%emt 0:02:51]} 41. hxg4 {[%emt 0:02:38]} hxg4 {[%emt 0:00:40]} 42. Kf2 {[%emt 0:02:28]} Bh4+ {[%emt 0:10:13]} 43. Ke2 {[%emt 0:00:31]} Rxb5 {[%emt 0:00:09]} 44. cxb5 {[%emt 0:02:40]} Bxb5+ {[%emt 0:00:04]} 45. Rc4 {[%emt 0:00:06]} Bxc4+ {[%emt 0:00:04]} 46. bxc4 {[%emt 0:00:06]} Qxc4+ {[%emt 0:00:02]} 47. Qd3 {[%emt 0:00:24]} Qxa2+ {[%emt 0:00:22]} 48. Rd2 {[%emt 0:00:02]} Qa1 {[%emt 0:00:31]} 49. Rd1 {[%emt 0:01:36]} Qb2+ {[%emt 0:00:05]} 50. Rd2 {[%emt 0:00:51]} Qc1 {[%emt 0:00:04]} 51. Rd1 {[%emt 0:00:28]} Qc5 {[%emt 0:00:04]} 52. Kd2 {[%emt 0:01:47]} Bf2 {[%emt 0:01:39]} 53. Qc4 {[%emt 0:06:13]} gxf3 {[%emt 0:06:24]} 54. gxf3 {[%emt 0:00:42]} a4 {[%emt 0:00:23]} 55. Qxc5 {[%emt 0:10:42]} dxc5 {[%emt 0:00:07]} 56. Bb5 {[%emt 0:02:26]} a3 {[%emt 0:00:19]} 57. Bc4 {[%emt 0:00:08]} Bd4 {[%emt 0:00:23]} 58. Kc2 {[%emt 0:03:55]} Kf6 {[%emt 0:01:02]} 59. Rh1 {[%emt 0:02:26]} Rg2+ {[%emt 0:00:08]} 60. Kb1 {[%emt 0:00:26]} Rb2+ {[%emt 0:00:05]} 0-1